00452nam a2200169Ia 4500003000400000005001700004008004100021020002900062040001700091082002000108100002200128245004400150260002800194300001500222650001700237650002800254IIN20240102123643.0231217s9999 xx 000 0 und d cRs.495.00a9789350251225 aIINbEnglish a612.014 bSHA1 aSharma, Suresh K. aBiophysics in NursingcSuresh K. Sharma bJaypeeaNew Delhic2011 axv, 218 p. aBiochemistry aBiophysics vin nursing